|
|
|
|
| LEADER |
00000nam a22000007a 4500 |
| 005 |
20210519231434.0 |
| 007 |
cr|||| |||| |
| 008 |
210519s2015 br |||||s|||| 00||0 por d |
| 020 |
|
|
|a 978-85-64912-59-5
|
| 035 |
|
|
|a 33496
|
| 040 |
|
|
|a vLex
|
| 090 |
|
|
|c 11745
|d 11745
|
| 245 |
1 |
0 |
|a Human Rights, Rule of Law and the Contemporary Social Challenges in Complex Societies
|h [Recurso electrn̤ico] /
|
| 256 |
|
|
|a Servicio en ln̕ea
|
| 260 |
|
|
|a Belo Horizonte:
|b Initia Via Editora,
|c 2015
|
| 300 |
|
|
|a 1 recurso electrn̤ico
|
| 500 |
|
|
|a Proceedings of the XXVI World Congress of Philosophy of Law and Social Philosophy of the Internationale Vereinigunf für Rechts- und Sozialphilosophie. 3159 p.
|
| 506 |
1 |
|
|a Disponible solo en los productos indicados
|d vLex Global
|d vLex Global (Academic Edition, excluding Law Schools)
|d vLex Global (U.S. Academic Edition, Law Schools)
|d vLex Global (U.S. Academic Edition, excluding Law Schools)
|d vLex Global (Academic Edition, Law Schools)
|
| 650 |
0 |
4 |
|a Derecho Internacional
|z Brasil
|
| 650 |
0 |
4 |
|a Derecho Militar
|z Brasil
|
| 740 |
0 |
|
|a vLex Libros (Servicio en ln̕ea)
|
| 856 |
4 |
0 |
|u https://vlex.com/source/human-rights-rule-law-contemporary-social-challenges-complex-societies-33496
|z Acceso restringido
|
| 942 |
|
|
|c BOOK
|
| 999 |
0 |
|
|a International Law
|
| 999 |
0 |
|
|a Military Law
|